| 000 | 00585nam a22001817a 4500 | ||
|---|---|---|---|
| 999 |
_c54350 _d54350 |
||
| 008 | 190709b ||||| |||| 00| 0 eng d | ||
| 020 | _a0976927365 | ||
| 050 |
_aPR9205.45 _b.C37 2011 |
||
| 245 | _aThe Caribbean writer. | ||
| 260 |
_aSt. Croix, USVI : _bUniversity of the Virgin Islands _c2011 |
||
| 300 |
_a volumes : _billustrations ; _c25 cm |
||
| 650 |
_aCaribbean literature (English) _vPeriodicals. |
||
| 650 | _aCaribbean literature (English) | ||
| 655 | _bPeriodicals. | ||
| 655 | _bLittle magazines. | ||
| 710 | _aCaribbean Research Institute. | ||
| 942 |
_2lcc _cBK |
||